000 00610nam a2200157Ia 4500
008 180925s9999 xx 000 0 und d
020 _a9781451191455
100 _aSinko, Patrick J.
245 _cPatrick J. Sinko.--
_aMartin's physical pharmacy and pharmaceutical sciences :
_bphysical chemical and biopharmaceutical principles in the pharmaceutical sciences /
250 _a7th ed
260 _aUSA :
_bWolters kluwer
_c2017
300 _aix, 701 pages.
500 _aInlcudes bibliographical reference and indexes.
650 _aChemistry, Physical and theoretical.
650 _aPharmaceutical chemistry.
999 _c358864
_d358864